| 000 | 00386nam a2200169Ia 4500 | ||
|---|---|---|---|
| 005 | 20240723060636.0 | ||
| 008 | 240331s9999 xx 000 0 und d | ||
| 020 | _a | ||
| 082 |
_a208.2 _bEAT |
||
| 245 | 0 | _aEatwot women church | |
| 260 |
_aColombo _bAsian theology center _c1989 |
||
| 300 | _aviii, 169 p ., | ||
| 650 | _aWomen | ||
| 650 | _aReligion | ||
| 650 | _aFemine | ||
| 942 | _cL | ||
| 999 |
_c800 _d800 |
||